Jacksonville Rays. 1, Přesilovka /
Erotická romance ze sportovního prostředí. Rachel dělá fyzioterapeutku hokejovému týmu a zaplete se rovnou se třemi hokejisty.
Uloženo v:
| Série: | Jacksonville Rays,
část 1 |
|---|---|
| Hlavní autor: | |
| Další autoři: | |
| Médium: | Kniha |
| Jazyk: | Czech |
| Vydáno: |
Praha :
Ikar,
2025
|
| Vydání: | Vydání první |
| Témata: | |
| Celkem bylo vypůjčeno: | 1x |
| Příbuzné jednotky: | Z cyklu::
Jacksonville Rays |
| Tagy: |
Žádné tagy |
| LEADER | 02330nam a2200457 i 4500 | ||
|---|---|---|---|
| 001 | 106141 | ||
| 003 | CZ PrNK | ||
| 005 | 20260415115628.0 | ||
| 007 | ta | ||
| 008 | 250827s2025 xr e 000 f cze | ||
| 015 | |a cnb003706000 | ||
| 020 | |a 9788024957906 |q (brožováno) | ||
| 040 | |a ABG001 |b cze |e rda | ||
| 041 | 1 | |a cze |h eng | |
| 072 | 7 | |a 821.111(73)-3 |x Americká próza |2 Konspekt |9 25 | |
| 080 | |a 821.111(73)-31 |2 MRF | ||
| 080 | |a (0:82-993) |2 MRF | ||
| 100 | 1 | |a Rath, Emily |7 xx0335395 |4 aut |9 117264 | |
| 240 | 1 | 0 | |a Pucking around. |l Česky |
| 245 | 1 | 0 | |a Jacksonville Rays. |n 1, |p Přesilovka / |c Emily Rath ; přeložila Šárka Kadlecová |
| 246 | 3 | 0 | |a Přesilovka |
| 250 | |a Vydání první | ||
| 264 | 1 | |a Praha : |b Ikar, |c 2025 | |
| 300 | |a 724 stran ; |c 20 cm | ||
| 336 | |a text |b txt |2 rdacontent | ||
| 337 | |a bez média |b n |2 rdamedia | ||
| 338 | |a svazek |b nc |2 rdacarrier | ||
| 500 | |a Přeloženo z angličtiny | ||
| 520 | 2 | |a Erotická romance ze sportovního prostředí. Rachel dělá fyzioterapeutku hokejovému týmu a zaplete se rovnou se třemi hokejisty. |b Dělat fyzioterapeutku hokejovému týmu Jacksonville Rays je pro sedmadvacetiletou Rachel práce snů. První problém nastane, když se seznámí s pohledným asistentem týmu Calebem. Druhý ve chvíli, kdy v jeho nejlepším kamarádovi, obránci Jakeovi, pozná muže, s nímž před dvěma měsíci prožila nezapomenutelnou noc. Třetí na sebe nenechá dlouho čekat. Vážně si tajemný brankář Ilmari myslí, že ji může obelstít a tajit před ní zranění? Rachel dobře ví, že zaplést se s hráčem je pro ni nepřípustné. Tak proč si mezi nimi vybírá? A proč by si vlastně měla vybrat jen jednoho? Nakladatelská anotace. | |
| 521 | 8 | |a Pro čtenáře od 18 let | |
| 546 | |a Český text | ||
| 655 | 7 | |a americké romány |7 fd131796 |2 czenas |9 53403 | |
| 655 | 7 | |a erotické romány |7 fd132211 |2 czenas |9 53580 | |
| 655 | 9 | |a American fiction |2 eczenas | |
| 655 | 9 | |a erotic novels |2 eczenas | |
| 700 | 1 | |a Kadlecová, Šárka |7 jn20010309253 |4 trl |9 19400 | |
| 787 | 0 | 8 | |i Z cyklu: |t Jacksonville Rays |g 1 |
| 910 | |a UOG502 | ||
| 942 | |2 ddc |c KN | ||
| 999 | |d 106141 | ||
| 993 | |0 0 |1 421180106866 |2 ddc |4 0 |7 0 |9 99453 |b 0 |c 106866 |d 2026-04-15 |e 1 |f DOSP |h 559.00 |i Koupě |l DOSP |q 2026-05-27 |r 2026-04-15 |s 2026-04-15 |t 5 |w 2026-04-15 |y KN |z NAUCNA |n | ||